000 00564cam a22002053 4500
020 _a0073516899
020 _a9780073516899
040 _cYDXCP
082 _a004 MCG 2015 A115 Or.
100 1 _aO'Leary, Timothy J
245 1 0 _aComputing essentials :
_bmaking IT work for you /
250 _aComplete 2015
260 _aNew York, NY :
_bMcgraw Hill Higher Education,
_cc2015
650 2 _aComputers
650 2 _aAutomatic Data Processing
650 2 _aComputer Systems
700 1 _aO'Leary, Linda I
700 1 _aO'Leary, Daniel A
942 _cAEDBB
999 _c17472
_d17472